[Event "Scarborough Open"]
[Site "Scarborough"]
[Date "2023.10.28"]
[Round "2.24"]
[White "Larchikov, Maksym"]
[Black "De Sousa Muachikape, Jael J"]
[Result "1-0"]
[WhiteElo "1845"]
[BlackElo "1782"]
[PlyCount "77"]
[EventDate "2023.10.27"]
[EventType "swiss"]
[EventRounds "5"]
[EventCountry "ENG"]
[SourceTitle "BritBase"]
[Source "John Saunders"]
[SourceDate "2023.11.11"]
[SourceVersion "1"]
[SourceVersionDate "2023.11.11"]
[SourceQuality "1"]

1. d4 Nf6 2. c4 e6 3. Nf3 d5 4. Nc3 c6 5. e3 Nbd7 6. Qc2 Bd6 7. b3 O-O 8. Be2
Re8 9. Bb2 b6 10. O-O Bb7 11. e4 dxe4 12. Nxe4 Nxe4 13. Qxe4 Nf6 14. Qc2 c5 15.
Rad1 Qe7 16. Rfe1 cxd4 17. Nxd4 Bb4 18. Bc3 Bxc3 19. Qxc3 Ne4 20. Qc2 e5 21.
Nb5 f5 22. Bf3 Red8 23. Qe2 a6 24. Bxe4 fxe4 25. Nc3 Rxd1 26. Rxd1 Rd8 27. Nd5
Qe6 28. Qxe4 b5 29. h3 bxc4 30. bxc4 Bxd5 31. cxd5 Qd6 32. Qc4 Rf8 33. Qg4 Rf6
34. Qc8+ Kf7 35. Rc1 h5 36. Rc7+ Kg6 37. Qe8+ Kf5 38. Qxh5+ Ke4 39. Qe2+ 1-0

[Event "Scarborough Open"]
[Site "Scarborough"]
[Date "2023.10.28"]
[Round "2.25"]
[White "Gostelow, Luke"]
[Black "Sheikh, Anum"]
[Result "1/2-1/2"]
[WhiteElo "1815"]
[BlackElo "1735"]
[PlyCount "76"]
[EventDate "2023.10.27"]
[EventType "swiss"]
[EventRounds "5"]
[EventCountry "ENG"]
[SourceTitle "BritBase"]
[Source "John Saunders"]
[SourceDate "2023.11.11"]
[SourceVersion "1"]
[SourceVersionDate "2023.11.11"]
[SourceQuality "1"]

1. c4 e5 2. Nc3 Nf6 3. g3 c6 4. e4 d5 5. cxd5 cxd5 6. exd5 Nxd5 7. Bg2 Nb4 8.
Nf3 Nd3+ 9. Kf1 Nc6 10. Qe2 Bf5 11. Nh4 Nd4 12. Qd1 Be6 13. Bxb7 Rb8 14. Be4
Nxb2 15. Bxb2 Rxb2 16. Rb1 Rxb1 17. Qxb1 Be7 18. Nf5 Nxf5 19. Bxf5 Bc4+ 20. Kg2
g6 21. Bc2 O-O 22. d3 Qa8+ 23. f3 Be6 24. Re1 Qc8 25. Ne4 f5 26. Nf2 Qc3 27.
Bb3 Bxb3 28. Qxb3+ Qxb3 29. axb3 a6 30. Ra1 Bc5 31. Ra5 Bd4 32. Nh3 Rc8 33. Ng5
Rc2+ 34. Kh1 Rc3 35. f4 exf4 36. Rd5 Bf6 37. gxf4 Rxb3 38. Ne6 Rb6 1/2-1/2

[Event "Scarborough Open"]
[Site "Scarborough"]
[Date "2023.10.28"]
[Round "2.26"]
[White "Han, Qixuan"]
[Black "Norinkeviciute, Rasa"]
[Result "0-1"]
[WhiteElo "1532"]
[BlackElo "1906"]
[PlyCount "144"]
[EventDate "2023.10.27"]
[EventType "swiss"]
[EventRounds "5"]
[EventCountry "ENG"]
[SourceTitle "BritBase"]
[Source "John Saunders"]
[SourceDate "2023.11.11"]
[SourceVersion "1"]
[SourceVersionDate "2023.11.11"]
[SourceQuality "1"]

1. d4 Nf6 2. c4 e6 3. Nc3 Bb4 4. e3 d5 5. Nf3 O-O 6. Bd3 b6 7. cxd5 exd5 8. O-O
Bg4 9. h3 Bh5 10. Bd2 c5 11. a3 Ba5 12. Be2 Re8 13. Rc1 Nbd7 14. Na4 Bxd2 15.
Qxd2 Ne4 16. Qd1 c4 17. Nd2 Nxd2 18. Qxd2 Bxe2 19. Qxe2 Nf6 20. Nc3 Rb8 21. a4
a6 22. f3 b5 23. axb5 axb5 24. Rcd1 Re7 25. Rfe1 Qd7 26. Qf2 Rbe8 27. Ra1 Qc6
28. Ra5 Rb8 29. Rea1 Qe8 30. Re1 h6 31. Kh1 Qc6 32. Rea1 Qe6 33. Rxb5 Rxb5 34.
Nxb5 Qxe3 35. Qxe3 Rxe3 36. Nc3 Rd3 37. Rd1 Rxd1+ 38. Nxd1 Kf8 39. Kg1 Ke7 40.
Kf2 h5 41. Ne3 Ke6 42. g4 h4 43. Nf5 g5 44. f4 Ne4+ 45. Kf3 f6 46. fxg5 fxg5
47. Ne3 Nd2+ 48. Ke2 Nb3 49. Nf5 Nc1+ 50. Ke3 Nd3 51. b3 Nf4 52. bxc4 dxc4 53.
Ke4 c3 54. Ne3 Nxh3 55. Kf3 Nf4 56. Kf2 Nd3+ 57. Ke2 Nb4 58. Kd1 h3 59. Nf1 Kd5
60. Nh2 Kxd4 61. Ke2 Ke4 62. Nf3 Kf4 63. Nh2 Kg3 64. Nf1+ Kxg4 65. Ne3+ Kg3 66.
Nf1+ Kg2 67. Ne3+ Kg3 68. Nf1+ Kh4 69. Nh2 g4 70. Nf1 g3 71. Kf3 c2 72. Nxg3
c1=Q 0-1

[Event "Scarborough Open"]
[Site "Scarborough"]
[Date "2023.10.28"]
[Round "2.27"]
[White "Dasgupta, Avyukt"]
[Black "Gosling, Marcus"]
[Result "1-0"]
[WhiteElo "1977"]
[BlackElo "1916"]
[PlyCount "125"]
[EventDate "2023.10.27"]
[EventType "swiss"]
[EventRounds "5"]
[EventCountry "ENG"]
[SourceTitle "BritBase"]
[Source "John Saunders"]
[SourceDate "2023.11.11"]
[SourceVersion "1"]
[SourceVersionDate "2023.11.11"]
[SourceQuality "1"]

1. e4 Nf6 2. Nc3 d5 3. exd5 Nxd5 4. Bc4 e6 5. d4 Bb4 6. Nge2 O-O 7. O-O c6 8.
Nxd5 exd5 9. Bd3 Bg4 10. f3 Bh5 11. Nf4 Bg6 12. Nxg6 hxg6 13. Bf4 Re8 14. c3
Bd6 15. Qd2 Qc7 16. Bxd6 Qxd6 17. Rae1 Nd7 18. g3 Nf6 19. Kg2 Rad8 20. Rf2 Rxe1
21. Qxe1 Re8 22. Re2 Rxe2+ 23. Qxe2 Kf8 24. Kf2 Qe7 25. Qe3 Qxe3+ 26. Kxe3 Ke7
27. h3 Ke6 28. h4 a5 29. b3 b5 30. g4 Ne8 31. c4 b4 32. c5 Nc7 33. Bf1 f6 34.
Bd3 Kf7 35. f4 Ke6 36. Bxg6 Nb5 37. Kd3 Ke7 38. g5 Nc3 39. a4 Nd1 40. Ke2 Nc3+
41. Kd2 fxg5 42. fxg5 Na2 43. h5 Nc3 44. h6 gxh6 45. gxh6 Kf8 46. h7 Kg7 47.
Bc2 Kh8 48. Ke3 Kg7 49. Kd2 Na2 50. Bd3 Nc3 51. Kc2 Kh8 52. Kd2 Kg7 53. Bf5 Kh8
54. Bd7 Ne4+ 55. Ke3 Nf6 56. Bxc6 Kxh7 57. Kf4 Kg7 58. Ke5 Kf7 59. Bxd5+ Ke7
60. Be6 Ne8 61. d5 Kd8 62. d6 Ng7 63. c6 1-0

[Event "Scarborough Open"]
[Site "Scarborough"]
[Date "2023.10.28"]
[Round "3.1"]
[White "Gormally, Daniel"]
[Black "Fellowes, Billy"]
[Result "1-0"]
[WhiteElo "2443"]
[BlackElo "1759"]
[PlyCount "101"]
[EventDate "2023.10.27"]
[EventType "swiss"]
[EventRounds "5"]
[EventCountry "ENG"]
[SourceTitle "BritBase"]
[Source "John Saunders"]
[SourceDate "2023.11.11"]
[SourceVersion "1"]
[SourceVersionDate "2023.11.11"]
[SourceQuality "1"]

1. d4 Nf6 2. c4 e6 3. Nf3 d5 4. Nc3 Bb4 5. Qa4+ Nc6 6. e3 O-O 7. Bd2 Bxc3 8.
Bxc3 Ne7 9. Qc2 Nf5 10. Bd3 Nd6 11. b3 b6 12. Ne5 Bb7 13. c5 bxc5 14. dxc5 Nde8
15. c6 Bc8 16. b4 Nd6 17. f3 Nf5 18. Bd4 Qd6 19. Qc3 Nxd4 20. exd4 Ne8 21. O-O
f6 22. Ng4 Qf4 23. g3 Qg5 24. Rae1 Nd6 25. Ne3 h5 26. Ng2 Re8 27. f4 Qh6 28.
Nh4 f5 29. Re5 Qf6 30. Rfe1 g6 31. Nf3 Ne4 32. Bxe4 dxe4 33. Ng5 Rd8 34. Qc4
Rd6 35. d5 exd5 36. Rxd5 Rxd5 37. Qxd5+ Kg7 38. Rd1 Rb8 39. b5 a6 40. a4 axb5
41. axb5 Ra8 42. b6 cxb6 43. c7 Ra3 44. Qd8 Rd3 45. Rxd3 exd3 46. Qxc8 Qd4+ 47.
Kg2 Qd5+ 48. Kh3 d2 49. Qd8 d1=Q 50. Qe7+ Kg8 51. c8=Q+ 1-0

[Event "Scarborough Open"]
[Site "Scarborough"]
[Date "2023.10.28"]
[Round "3.2"]
[White "Milson, Samuel A"]
[Black "Large, Peter G"]
[Result "1/2-1/2"]
[WhiteElo "2074"]
[BlackElo "2248"]
[PlyCount "42"]
[EventDate "2023.10.27"]
[EventType "swiss"]
[EventRounds "5"]
[EventCountry "ENG"]
[SourceTitle "BritBase"]
[Source "John Saunders"]
[SourceDate "2023.11.11"]
[SourceVersion "1"]
[SourceVersionDate "2023.11.11"]
[SourceQuality "1"]

1. e4 e5 2. Nf3 Nc6 3. Bb5 a6 4. Ba4 Nf6 5. O-O Be7 6. Re1 b5 7. Bb3 d6 8. c3
O-O 9. h3 Na5 10. Bc2 c5 11. d4 Qc7 12. d5 Nc4 13. b3 Nb6 14. Be3 Bb7 15. Nbd2
Nbxd5 16. exd5 Nxd5 17. c4 Nxe3 18. fxe3 f5 19. e4 f4 20. Qe2 b4 21. Nf1 Bc8
1/2-1/2

[Event "Scarborough Open"]
[Site "Scarborough"]
[Date "2023.10.28"]
[Round "3.3"]
[White "Varley, Joe"]
[Black "Jackson, Edward"]
[Result "0-1"]
[WhiteElo "1967"]
[BlackElo "2166"]
[PlyCount "46"]
[EventDate "2023.10.27"]
[EventType "swiss"]
[EventRounds "5"]
[EventCountry "ENG"]
[SourceTitle "BritBase"]
[Source "John Saunders"]
[SourceDate "2023.11.11"]
[SourceVersion "1"]
[SourceVersionDate "2023.11.11"]
[SourceQuality "1"]

1. e4 c6 2. d4 d5 3. f3 e6 4. Nc3 Nf6 5. Nge2 b6 6. Be3 Ba6 7. Qd2 Bb4 8. a3
Be7 9. O-O-O O-O 10. Rg1 b5 11. g4 b4 12. axb4 Bxb4 13. g5 Qa5 14. Kb1 Nfd7 15.
h4 Nb6 16. Qc1 Nc4 17. Bf2 Nd7 18. Na2 Bd2 19. Rxd2 Nxd2+ 20. Ka1 Nxf1 21. Qxf1
Qd2 22. Nac3 Qxc2 23. h5 Rab8 0-1

[Event "Scarborough Open"]
[Site "Scarborough"]
[Date "2023.10.28"]
[Round "3.4"]
[White "Blackford, Ross"]
[Black "Badacsonyi, Stanley"]
[Result "0-1"]
[WhiteElo "1779"]
[BlackElo "2008"]
[PlyCount "100"]
[EventDate "2023.10.27"]
[EventType "swiss"]
[EventRounds "5"]
[EventCountry "ENG"]
[SourceTitle "BritBase"]
[Source "John Saunders"]
[SourceDate "2023.11.11"]
[SourceVersion "1"]
[SourceVersionDate "2023.11.11"]
[SourceQuality "1"]

1. e4 e6 2. d4 d5 3. Nd2 Nf6 4. e5 Nfd7 5. Bd3 c5 6. c3 Nc6 7. Ne2 cxd4 8. cxd4
f6 9. Nf4 Nxd4 10. Qh5+ Ke7 11. exf6+ Nxf6 12. Ng6+ hxg6 13. Qxh8 Kf7 14. O-O
e5 15. Nb3 Nf5 16. Bg5 Be6 17. Rad1 a5 18. Bxf5 gxf5 19. Rfe1 a4 20. Nc1 e4 21.
Bxf6 Qxf6 22. Ne2 g5 23. Qxf6+ Kxf6 24. Nd4 Bc5 25. Kf1 Bd7 26. Re3 Bxd4 27.
Rxd4 Ke5 28. Rb4 Bc6 29. Rc3 Ra5 30. Rb6 d4 31. Rcxc6 bxc6 32. Rxc6 Rb5 33. Ra6
Rxb2 34. Rxa4 e3 35. fxe3 dxe3 36. Ra8 f4 37. h3 Ke4 38. a4 Rf2+ 39. Kg1 Kd3
40. a5 Ra2 41. a6 Ra1+ 42. Kh2 e2 43. Rd8+ Kc4 44. Rc8+ Kd5 45. a7 e1=Q 46.
a8=Q+ Rxa8 47. Rxa8 Qg3+ 48. Kh1 f3 49. gxf3 Qxh3+ 50. Kg1 Qg3+ 0-1

[Event "Scarborough Open"]
[Site "Scarborough"]
[Date "2023.10.28"]
[Round "3.5"]
[White "Badacsonyi, Frankie"]
[Black "Bolt, Graham"]
[Result "1-0"]
[WhiteElo "2061"]
[BlackElo "1950"]
[PlyCount "93"]
[EventDate "2023.10.27"]
[EventType "swiss"]
[EventRounds "5"]
[EventCountry "ENG"]
[SourceTitle "BritBase"]
[Source "John Saunders"]
[SourceDate "2023.11.11"]
[SourceVersion "1"]
[SourceVersionDate "2023.11.11"]
[SourceQuality "1"]

1. d4 d6 2. Nf3 g6 3. e4 Bg7 4. Bc4 e6 5. Qe2 Ne7 6. O-O h6 7. c3 a6 8. a4 b6
9. Nbd2 Bb7 10. Re1 Nd7 11. Nf1 O-O 12. Ng3 e5 13. Be3 exd4 14. Bxd4 Ne5 15.
Nxe5 dxe5 16. Be3 c5 17. f3 Qc7 18. b4 a5 19. bxc5 bxc5 20. Rab1 Rfc8 21. Qa2
Nc6 22. Bxf7+ Kh7 23. Bd5 Bf8 24. h4 h5 25. Bg5 Ba6 26. Bf6 Bg7 27. Bxg7 Kxg7
28. Qf2 Qa7 29. Qe3 Rab8 30. Qg5 Kh7 31. Bxc6 Rxb1 32. Rxb1 Rxc6 33. Qxe5 Qc7
34. Qxc7+ Rxc7 35. Rb8 Bb7 36. Nf1 Bc6 37. Rb2 Rd7 38. Rb6 Bxa4 39. Ra6 Rd1 40.
Rxa5 Bc2 41. Kf2 Bd3 42. Ne3 Rd2+ 43. Kg3 Re2 44. Kf4 c4 45. Rc5 Ra2 46. g3 Ra4
47. Nd5 1-0

[Event "Scarborough Open"]
[Site "Scarborough"]
[Date "2023.10.28"]
[Round "3.6"]
[White "Skettos, Nicolas"]
[Black "Raju, Sooraj Menothuparam"]
[Result "0-1"]
[WhiteElo "1887"]
[BlackElo "1925"]
[PlyCount "86"]
[EventDate "2023.10.27"]
[EventType "swiss"]
[EventRounds "5"]
[EventCountry "ENG"]
[SourceTitle "BritBase"]
[Source "John Saunders"]
[SourceDate "2023.11.11"]
[SourceVersion "1"]
[SourceVersionDate "2023.11.11"]
[SourceQuality "1"]

1. e4 Nf6 2. Nc3 d5 3. e5 Ne4 4. Nce2 f6 5. f3 Ng5 6. f4 Nf7 7. d4 c5 8. c3 Nc6
9. Be3 cxd4 10. cxd4 Qb6 11. Qd2 Bf5 12. Ng3 e6 13. a3 Na5 14. Rd1 Nb3 15. Qe2
Nh6 16. Qb5+ Qxb5 17. Bxb5+ Kf7 18. Bd3 Rc8 19. N1e2 Bxd3 20. Rxd3 Na5 21. Rc3
Be7 22. O-O Rxc3 23. Nxc3 Ng4 24. Bc1 Nb3 25. Nge2 Nh6 26. Kf2 Nf5 27. Be3 h5
28. Rd1 Rc8 29. h3 h4 30. Kf3 Bd8 31. Nc1 Na5 32. N1e2 Nb3 33. Nc1 Nxc1 34.
Rxc1 Bb6 35. Rd1 Rc4 36. Nb5 a6 37. b3 Rc6 38. Nd6+ Nxd6 39. exd6 Rxd6 40. Bf2
Rc6 41. Rd3 g5 42. fxg5 fxg5 43. Kg4 Kf6 0-1

[Event "Scarborough Open"]
[Site "Scarborough"]
[Date "2023.10.28"]
[Round "3.7"]
[White "Garnett, John S"]
[Black "Potter, John M"]
[Result "0-1"]
[WhiteElo "1805"]
[BlackElo "1984"]
[PlyCount "82"]
[EventDate "2023.10.27"]
[EventType "swiss"]
[EventRounds "5"]
[EventCountry "ENG"]
[SourceTitle "BritBase"]
[Source "John Saunders"]
[SourceDate "2023.11.11"]
[SourceVersion "1"]
[SourceVersionDate "2023.11.11"]
[SourceQuality "1"]

1. c4 Nf6 2. g3 g6 3. Bg2 Bg7 4. Nc3 O-O 5. e4 d6 6. Nge2 Nfd7 7. O-O Nc6 8. d4
e5 9. Be3 exd4 10. Nxd4 Nde5 11. Nxc6 bxc6 12. Qe2 Bg4 13. f3 Be6 14. b3 Nxf3+
15. Bxf3 Bxc3 16. Rad1 Be5 17. c5 Qe7 18. Qa6 Bd7 19. Rd2 h5 20. Re1 h4 21. Bf4
hxg3 22. hxg3 Bxf4 23. gxf4 Qh4 24. cxd6 cxd6 25. Rxd6 Bg4 26. Rf1 Bh3 27. Rf2
Qxf4 28. Rxc6 Qg3+ 29. Bg2 Rad8 30. Qf1 Bg4 31. Rc1 Rd4 32. Re1 Kg7 33. Rf4 Rd2
34. Rf2 Rd7 35. Rf4 Rh8 36. Qf2 Qh2+ 37. Kf1 Bh3 38. Bxh3 Qxh3+ 39. Qg2 Qd3+
40. Re2 Rh3 41. Qf2 Rh1+ 0-1

[Event "Scarborough Open"]
[Site "Scarborough"]
[Date "2023.10.28"]
[Round "3.8"]
[White "Van Kemenade, Rudy"]
[Black "White, Stuart A"]
[Result "0-1"]
[WhiteElo "1946"]
[BlackElo "2024"]
[PlyCount "50"]
[EventDate "2023.10.27"]
[EventType "swiss"]
[EventRounds "5"]
[EventCountry "ENG"]
[SourceTitle "BritBase"]
[Source "John Saunders"]
[SourceDate "2023.11.11"]
[SourceVersion "1"]
[SourceVersionDate "2023.11.11"]
[SourceQuality "1"]

1. e4 c5 2. Nf3 d6 3. Bb5+ Nd7 4. O-O a6 5. Bd3 Ngf6 6. Re1 e6 7. c3 b5 8. Bc2
c4 9. a4 Bb7 10. axb5 axb5 11. Rxa8 Qxa8 12. Qe2 Nc5 13. Na3 Bxe4 14. Bxe4 Qxe4
15. Qxe4 Ncxe4 16. Nxb5 Nc5 17. b4 Nd3 18. Rf1 Kd7 19. Ng5 Be7 20. f3 h6 21.
Nh3 Bd8 22. g3 Bb6+ 23. Kg2 e5 24. Na3 d5 25. Ng1 Ra8 0-1

[Event "Scarborough Open"]
[Site "Scarborough"]
[Date "2023.10.28"]
[Round "3.10"]
[White "Hutchinson, Paul A"]
[Black "Dilleigh, Stephen P"]
[Result "1-0"]
[WhiteElo "2011"]
[BlackElo "2031"]
[PlyCount "115"]
[EventDate "2023.10.27"]
[EventType "swiss"]
[EventRounds "5"]
[EventCountry "ENG"]
[SourceTitle "BritBase"]
[Source "John Saunders"]
[SourceDate "2023.11.11"]
[SourceVersion "1"]
[SourceVersionDate "2023.11.11"]
[SourceQuality "1"]

1. d4 d5 2. Bf4 Nf6 3. e3 c5 4. Nf3 Nc6 5. Nbd2 cxd4 6. exd4 Bf5 7. c3 e6 8.
Qb3 Qc8 9. Nh4 Be4 10. f3 Bg6 11. g4 Qd7 12. Be2 O-O-O 13. Bg3 Bd6 14. f4 Ne4
15. Ndf3 Nxg3 16. hxg3 Be4 17. Rf1 f6 18. O-O-O Na5 19. Qb5 Qc7 20. Bd3 a6 21.
Qa4 Bxd3 22. Rxd3 Qc4 23. Qxc4+ Nxc4 24. b3 Nb6 25. Re3 Kd7 26. Rfe1 Rhe8 27.
R1e2 Na8 28. Ng2 Nc7 29. Kb2 Rc8 30. Nge1 h6 31. a4 g5 32. Nd3 Rg8 33. Nh2 Rh8
34. b4 b6 35. Rf2 Rcf8 36. Ref3 Ne8 37. Nf1 Rfg8 38. Ne3 Kc6 39. c4 dxc4 40.
Nxc4 gxf4 41. Nxf4 Rxg4 42. Ne3 Rgg8 43. d5+ exd5 44. Nexd5 Be5+ 45. Kb3 Nc7
46. Ne7+ Kd7 47. Nxg8 Rxg8 48. Rd3+ Kc8 49. Rc2 Kb8 50. Rh2 Kb7 51. Rf2 Rg5 52.
Rff3 Kc6 53. Rd8 Rg7 54. Rh8 Rd7 55. Rxh6 Rd2 56. Nd3 Bd4 57. Kc4 Ne6 58. b5+
1-0

[Event "Scarborough Open"]
[Site "Scarborough"]
[Date "2023.10.28"]
[Round "3.12"]
[White "Mitchell, Martin"]
[Black "Dasgupta, Avyukt"]
[Result "1/2-1/2"]
[WhiteElo "2186"]
[BlackElo "1977"]
[PlyCount "49"]
[EventDate "2023.10.27"]
[EventType "swiss"]
[EventRounds "5"]
[EventCountry "ENG"]
[SourceTitle "BritBase"]
[Source "John Saunders"]
[SourceDate "2023.11.11"]
[SourceVersion "1"]
[SourceVersionDate "2023.11.11"]
[SourceQuality "1"]

1. d4 d5 2. Nf3 Nf6 3. Bf4 Bf5 4. c4 c6 5. Qb3 Qb6 6. c5 Qxb3 7. axb3 Bxb1 8.
Rxb1 Nbd7 9. h3 g6 10. e3 Bg7 11. b4 a6 12. Bd3 O-O 13. O-O Rfe8 14. Bh2 Rad8
15. Rfd1 Ne4 16. Bxe4 dxe4 17. Nd2 f5 18. Nc4 Nf6 19. Ra1 Nd5 20. Ra4 g5 21.
Be5 Rf8 22. Bxg7 Kxg7 23. Re1 Rf6 24. Ne5 h5 25. Ra3 1/2-1/2

[Event "Scarborough Open"]
[Site "Scarborough"]
[Date "2023.10.28"]
[Round "3.13"]
[White "Birtwistle, Nigel"]
[Black "Ilett, Raymond J"]
[Result "1-0"]
[WhiteElo "2129"]
[BlackElo "1773"]
[PlyCount "75"]
[EventDate "2023.10.27"]
[EventType "swiss"]
[EventRounds "5"]
[EventCountry "ENG"]
[SourceTitle "BritBase"]
[Source "John Saunders"]
[SourceDate "2023.11.11"]
[SourceVersion "1"]
[SourceVersionDate "2023.11.11"]
[SourceQuality "1"]

1. Nf3 Nf6 2. g3 b6 3. Bg2 Bb7 4. O-O e6 5. d4 Be7 6. c4 O-O 7. d5 exd5 8. Nh4
c6 9. cxd5 cxd5 10. Nf5 Na6 11. Bf4 d6 12. Nc3 Nc7 13. Re1 Re8 14. Qd2 Qd7 15.
Nxe7+ Qxe7 16. e4 Nxe4 17. Nxe4 dxe4 18. Qxd6 Qxd6 19. Bxd6 Nb5 20. Rad1 Rad8
21. Be7 Rd5 22. Rxd5 Bxd5 23. Rd1 Bc6 24. Bg5 f6 25. Be3 Kf7 26. a4 Nc7 27. Rc1
Re6 28. Bf4 Nd5 29. Bh3 Bxa4 30. Bxe6+ Kxe6 31. Bb8 a5 32. Rc4 Bb5 33. Rxe4+
Kf5 34. Rd4 Nb4 35. Bc7 Bc6 36. Bxb6 Nc2 37. Rc4 Nb4 38. Bxa5 1-0

[Event "Scarborough Open"]
[Site "Scarborough"]
[Date "2023.10.28"]
[Round "3.14"]
[White "Rogerson, Mark W"]
[Black "Patel, Keatan"]
[Result "1/2-1/2"]
[WhiteElo "2075"]
[BlackElo "1700"]
[PlyCount "41"]
[EventDate "2023.10.27"]
[EventType "swiss"]
[EventRounds "5"]
[EventCountry "ENG"]
[SourceTitle "BritBase"]
[Source "John Saunders"]
[SourceDate "2023.11.11"]
[SourceVersion "1"]
[SourceVersionDate "2023.11.11"]
[SourceQuality "1"]

1. e4 e5 2. Nf3 Nc6 3. d4 exd4 4. Nxd4 Bc5 5. Nxc6 Qf6 6. Qd2 bxc6 7. Bd3 Ne7
8. O-O O-O 9. Qf4 Qxf4 10. Bxf4 d6 11. Nc3 a5 12. Na4 Ba7 13. c4 f5 14. Bd2 Ng6
15. Rac1 Ne5 16. Bb1 fxe4 17. Bxe4 Ba6 18. b3 d5 19. Bc3 dxe4 20. Bxe5 e3 21.
Bg3 1/2-1/2

[Event "Scarborough Open"]
[Site "Scarborough"]
[Date "2023.10.28"]
[Round "3.15"]
[White "Day, Jonathan A"]
[Black "Alldritt, Nigel RE"]
[Result "1/2-1/2"]
[WhiteElo "1704"]
[BlackElo "1999"]
[PlyCount "33"]
[EventDate "2023.10.27"]
[EventType "swiss"]
[EventRounds "5"]
[EventCountry "ENG"]
[SourceTitle "BritBase"]
[Source "John Saunders"]
[SourceDate "2023.11.11"]
[SourceVersion "1"]
[SourceVersionDate "2023.11.11"]
[SourceQuality "1"]

1. e4 e6 2. d4 d5 3. e5 c5 4. c3 Qb6 5. Nf3 Nc6 6. a3 Nh6 7. b4 cxd4 8. cxd4
Nf5 9. Be3 a6 10. Bd3 Bd7 11. Bxf5 exf5 12. O-O Be7 13. Nc3 Be6 14. Rc1 O-O 15.
Qd2 Rfc8 16. Na4 Qa7 17. Rc2 1/2-1/2

[Event "Scarborough Open"]
[Site "Scarborough"]
[Date "2023.10.28"]
[Round "3.16"]
[White "Karumazondo, R Ernest"]
[Black "Van Kemenade, Julie"]
[Result "1/2-1/2"]
[WhiteElo "1934"]
[BlackElo "1683"]
[PlyCount "49"]
[EventDate "2023.10.27"]
[EventType "swiss"]
[EventRounds "5"]
[EventCountry "ENG"]
[SourceTitle "BritBase"]
[Source "John Saunders"]
[SourceDate "2023.11.11"]
[SourceVersion "1"]
[SourceVersionDate "2023.11.11"]
[SourceQuality "1"]

1. e4 d6 2. d4 Nf6 3. Nc3 c6 4. Nf3 Qc7 5. h3 e5 6. g4 h6 7. Bg2 Nbd7 8. O-O
Be7 9. Be3 g5 10. Qd3 Rg8 11. Rad1 Nf8 12. Qc4 Bd8 13. dxe5 dxe5 14. Bc5 Ng6
15. Bd6 Qb6 16. Bc5 Be6 17. Qxe6+ fxe6 18. Bxb6 Bxb6 19. Nd2 Nf4 20. Nc4 Bc7
21. b4 Ke7 22. Rfe1 h5 23. f3 hxg4 24. hxg4 b5 25. Nd2 1/2-1/2

[Event "Scarborough Open"]
[Site "Scarborough"]
[Date "2023.10.28"]
[Round "3.17"]
[White "Norinkeviciute, Rasa"]
[Black "Larchikov, Maksym"]
[Result "1/2-1/2"]
[WhiteElo "1906"]
[BlackElo "1845"]
[PlyCount "32"]
[EventDate "2023.10.27"]
[EventType "swiss"]
[EventRounds "5"]
[EventCountry "ENG"]
[SourceTitle "BritBase"]
[Source "John Saunders"]
[SourceDate "2023.11.11"]
[SourceVersion "1"]
[SourceVersionDate "2023.11.11"]
[SourceQuality "1"]

1. c4 e6 2. g3 d5 3. Bg2 Nf6 4. Nf3 Be7 5. Qc2 O-O 6. O-O c5 7. d4 b6 8. b3 Bb7
9. Bb2 dxc4 10. Qxc4 cxd4 11. Qxd4 Qxd4 12. Nxd4 Bxg2 13. Kxg2 Rc8 14. Nd2 Nc6
15. N2f3 Nxd4 16. Nxd4 Nd5 1/2-1/2

[Event "Scarborough Open"]
[Site "Scarborough"]
[Date "2023.10.28"]
[Round "3.18"]
[White "Harkness, Bryan D"]
[Black "Dossett, Christopher S"]
[Result "1/2-1/2"]
[WhiteElo "2010"]
[BlackElo "1925"]
[PlyCount "36"]
[EventDate "2023.10.27"]
[EventType "swiss"]
[EventRounds "5"]
[EventCountry "ENG"]
[SourceTitle "BritBase"]
[Source "John Saunders"]
[SourceDate "2023.11.11"]
[SourceVersion "1"]
[SourceVersionDate "2023.11.11"]
[SourceQuality "1"]

1. e4 c5 2. Nc3 Nc6 3. g3 g6 4. Bg2 Bg7 5. d3 e6 6. Be3 d6 7. Qd2 h5 8. h3 Nge7
9. Nge2 Nd4 10. Nf4 Bd7 11. Nd1 e5 12. Ne2 Bc6 13. c3 Ne6 14. d4 exd4 15. cxd4
cxd4 16. Nxd4 d5 17. Nxe6 fxe6 18. O-O O-O 1/2-1/2

[Event "Scarborough Open"]
[Site "Scarborough"]
[Date "2023.10.28"]
[Round "3.19"]
[White "Dobson, Graham W"]
[Black "Bharat Kumar, Balahari"]
[Result "0-1"]
[WhiteElo "1908"]
[BlackElo "1936"]
[PlyCount "110"]
[EventDate "2023.10.27"]
[EventType "swiss"]
[EventRounds "5"]
[EventCountry "ENG"]
[SourceTitle "BritBase"]
[Source "John Saunders"]
[SourceDate "2023.11.11"]
[SourceVersion "1"]
[SourceVersionDate "2023.11.11"]
[SourceQuality "1"]

1. e4 c5 2. Nf3 d6 3. c3 Nf6 4. Bb5+ Bd7 5. Bxd7+ Nbxd7 6. Qe2 e6 7. O-O Be7 8.
d4 cxd4 9. cxd4 O-O 10. Nc3 Nb8 11. Re1 d5 12. e5 Nfd7 13. Be3 Nc6 14. Rac1 a6
15. Nd2 Ndxe5 16. dxe5 d4 17. Bf4 dxc3 18. Rxc3 Bg5 19. Rd3 Qe7 20. Bg3 Bxd2
21. Qxd2 Rfd8 22. Rd6 Rxd6 23. exd6 Qd7 24. Rd1 Rd8 25. a4 f6 26. b4 e5 27. f4
Qe6 28. fxe5 fxe5 29. b5 axb5 30. axb5 Nd4 31. Bxe5 Qxe5 32. Qxd4 Qxd4+ 33.
Rxd4 Kf7 34. Kf2 Ke6 35. Ke3 Rxd6 36. Rxd6+ Kxd6 37. Kd4 g6 38. g3 b6 39. h3 h6
40. g4 g5 41. Ke4 Kc5 42. Kf5 Kxb5 43. Kg6 Kc6 44. Kxh6 b5 45. Kxg5 b4 46. Kh6
b3 47. g5 b2 48. g6 b1=Q 49. g7 Qb3 50. h4 Qe6+ 51. Kh7 Qe4+ 52. Kg8 Qxh4 53.
Kf7 Qf4+ 54. Kg6 Qg4+ 55. Kf7 Qf5+ 0-1

[Event "Scarborough Open"]
[Site "Scarborough"]
[Date "2023.10.28"]
[Round "3.20"]
[White "McLean, Robert"]
[Black "Mkpadi, C Michael"]
[Result "1/2-1/2"]
[WhiteElo "1892"]
[BlackElo "1456"]
[PlyCount "58"]
[EventDate "2023.10.27"]
[EventType "swiss"]
[EventRounds "5"]
[EventCountry "ENG"]
[SourceTitle "BritBase"]
[Source "John Saunders"]
[SourceDate "2023.11.11"]
[SourceVersion "1"]
[SourceVersionDate "2023.11.11"]
[SourceQuality "1"]

1. e4 c5 2. Nf3 g6 3. d4 cxd4 4. Nxd4 Bg7 5. Nc3 Nc6 6. Be3 Nf6 7. Bc4 d6 8. f3
O-O 9. Qd2 Bd7 10. O-O-O Nxd4 11. Bxd4 Qa5 12. Kb1 Rfc8 13. Bb3 Be6 14. g4 Bxb3
15. cxb3 Rc6 16. h4 Rac8 17. h5 g5 18. b4 Qxb4 19. Qxg5 h6 20. Qb5 Rc4 21. Qxb4
Rxb4 22. Nd5 Nxd5 23. Bxg7 Ne3 24. Rd3 Nc4 25. Bc3 Na3+ 26. Ka1 Nc2+ 27. Kb1
Na3+ 28. Ka1 Nc2+ 29. Kb1 Na3+ 1/2-1/2